000 00567nam a2200217Ia 4500
005 20241129120228.0
008 241129s9999||||xx |||||||||||||| ||und||
020 _a9788119028283
037 _aTB
040 _aSDCL
_beng
_cSDCL
041 _ahin
_2hin
084 _aO152,3NPT, R3
_qSDCL
100 _aPandey Trilok Nath
_9729477
245 0 _aMahabrahman
260 _aDelhi
_bRajkamal Prakashan India
_c2023
300 _a212p.
365 _aINR
_b299
650 _aReference
942 _cTB
_hO152,3NPT, R3
999 _c1233911
_d1233911